000 00327nam a2200133Ia 4500
008 240624s9999 xx 000 0 und d
041 _aeng
082 _a920 GAN
100 _aGANGADHAR V
245 _aM S SUBBULAKSHMI THE VOICE DIVINE
260 _c2002
_aNew Delhi
_bRupa and Company
300 _a80 : p.
365 _cRS
_b25
999 _c17611
_d17611